Data structures using C and C++ (Record no. 6478)
[ view plain ]
| 000 -LEADER | |
|---|---|
| fixed length control field | 00781 a2200217 4500 |
| 020 ## - INTERNATIONAL STANDARD BOOK NUMBER | |
| International Standard Book Number | 0130369977 |
| 090 ## - LOCALLY ASSIGNED LC-TYPE CALL NUMBER (OCLC); LOCAL CALL NUMBER (RLIN) | |
| -- | 2554 |
| -- | 2554 |
| 100 10 - MAIN ENTRY--PERSONAL NAME | |
| Personal name | Langsam, Yedidyah |
| 245 10 - TITLE STATEMENT | |
| Title | Data structures using C and C++ |
| Statement of responsibility, etc. | / Yedidyah Langsam, Moshe J. Augenstein, Aaron M. Tenenbaum. |
| 250 ## - EDITION STATEMENT | |
| Edition statement | 2nd ed. |
| 260 0# - PUBLICATION, DISTRIBUTION, ETC. | |
| Place of publication, distribution, etc. | India |
| Name of publisher, distributor, etc. | : Prentice Hall |
| Date of publication, distribution, etc. | , c1996. |
| 300 ## - PHYSICAL DESCRIPTION | |
| Extent | xvi, 672 p. |
| Other physical details | : ill. |
| Dimensions | ; 24 cm. |
| 500 ## - GENERAL NOTE | |
| General note | Rev. ed. of: Data structures using C / Aaron M. Tenenbaum, Yedidyah Langsam, Moshe J. Augenstein. c1990. |
| 650 #0 - SUBJECT ADDED ENTRY--TOPICAL TERM | |
| Topical term or geographic name entry element | C (Computer program language) |
| 650 #0 - SUBJECT ADDED ENTRY--TOPICAL TERM | |
| Topical term or geographic name entry element | C++ (Computer program language) |
| 650 #0 - SUBJECT ADDED ENTRY--TOPICAL TERM | |
| Topical term or geographic name entry element | Data structures (Computer science) |
| 700 1# - ADDED ENTRY--PERSONAL NAME | |
| Personal name | Augenstein, Moshe |
| Dates associated with a name | , 1947- |
| 700 1# - ADDED ENTRY--PERSONAL NAME | |
| Personal name | Tenenbaum, Aaron M. |
| 700 1# - ADDED ENTRY--PERSONAL NAME | |
| Personal name | Tenenbaum, Aaron M |
| 942 ## - ADDED ENTRY ELEMENTS (KOHA) | |
| Koha item type | Book |
| Call number prefix | 005.73 LAN |
| Withdrawn status | Lost status | Damaged status | Not for loan | Collection code | Permanent Location | Current Location | Shelving location | Date acquired | Total Checkouts | Total Renewals | Full call number | Barcode | Date last seen | Date last checked out | Price effective from | Koha item type | Source of acquisition | Cost, normal purchase price |
|---|---|---|---|---|---|---|---|---|---|---|---|---|---|---|---|---|---|---|
| Central Library (CL) | Central Library (CL) | First Floor - Operating System/ Data Structure | 02/14/2001 | 3 | 1 | 005.73 LAN | SEECS000803 | 07/28/2020 | 10/03/2018 | 01/05/2017 | Book | |||||||
| Central Library (CL) | Central Library (CL) | First Floor - Operating System/ Data Structure | 03/13/2002 | 005.73 LAN | SEECS001900 | 11/14/2012 | 01/05/2017 | Book | Vanguard Books | 350.00 | ||||||||
| Central Library (CL) | Central Library (CL) | First Floor - Operating System/ Data Structure | 03/26/2003 | 3 | 005.73 LAN | SEECS003234 | 10/27/2021 | 11/05/2020 | 01/05/2017 | Book | Allied Book Company | 282.68 | ||||||
| Central Library (CL) | Central Library (CL) | First Floor - Operating System/ Data Structure | 12/08/2000 | 2 | 3 | 005.73 LAN | SEECS000535 | 08/30/2022 | 09/08/2019 | 01/05/2017 | Book |
